000 00770nam a22001937a 4500
999 _c59079
_d59079
003 Ge_BSU
005 20221117161744.0
008 221117s2003 ge ||||| |||| 00| 0 geo d
020 _a9994020854
041 _ageo
080 _a340.1 ი-69
100 _aინწკირველი, გივი
_91291
245 _aსახელმწიფოსა და სამართლის ზოგადი თეორია /
_c გივი ინწკირველი.
264 _aთბილისი :
_bთბილ. უნ-ტის გამ-ბა,
_c2003.
300 _a247 გვ. ;
_b20 სმ.
653 _aსამართლის თეორია
653 _aსახელმწიფოს თეორია
942 _2udc
_cBK